000 02559nam0a2200397 4500
001 RU\NLR\BIBL_A\012228392
005 20200324154800.0
021 _aRU
_bЖЛ-П-20-005202
_9ЖЛ-П-20-0300
035 _a(NLR Aleph) 012228392
090 _a10971813
_c10971813
100 _a20200225d2019 k y0rusy50 ca
101 0 _arus
_afre
_deng
102 _aRU
105 _aa z 100zy
181 0 _ai
_baxxe
182 0 _an
200 1 _aАктуальные проблемы языковой подготовки в неспециальных вузах
_eматериалы VIII Международной научно-практической конференции (21 ноября 2019 г.)
_fМинистерство науки и высшего образования РФ, ФГБОУ ВО "Воронежский государственный университет инженерных технологий"
_g[редакционная коллегия: ...Е. А. Чигирин (отв. редактор) и др.]
203 _aТекст
_bвизуальный
_cнепосредственный
210 _aВоронеж
_cНаучная книга
_d2019
215 _a285 с.
_cил., табл.
_d21
225 1 _aСовременные проблемы гуманитарных и общественных наук
_vвып. 5 (27)
300 _aНа тит. л. и обл.: ISSN 2077-7167
300 _aТекст рус., фр.
300 _aРез. англ.
320 _aБиблиогр. в конце ст.
606 1 _aИностранные языки
_jСъезды, совещания и т.п.
_xПреподавание
_xВысшая школа
_92144180
_3RU\NLR\AUTH\661291992
686 1 _aЧ486.17(2Р)я431
702 1 _7ca
_8rus
_aЧигирин
_bЕ. А.
_gЕвгений Анатольевич
_951918
_3RU\NLR\AUTH\7768990
711 1 2 _a"Актуальные проблемы языковой подготовки в неспециальных вузах", международная научно-практическая конференция
_d8
_eВоронеж
_f2019
_9698896
_3RU\NLR\AUTH\880519047
712 0 2 _4570
_aВоронежский государственный университет инженерных технологий
_9344131
_3RU\NLR\AUTH\8810229627
942 _cBOOK
980 _aNBR
980 _aNB